| 000 | 02123nam a22004217a 4500 | ||
|---|---|---|---|
| 001 | 60576 | ||
| 003 | CO-BoRNBP | ||
| 005 | 20260223200418.0 | ||
| 007 | ta | ||
| 008 | 250630s2024 ck a bo 000 j spa d | ||
| 020 | _a9789587535860 | ||
| 040 |
_aCO-BoOSI _bspa _cCO-BoOSI _erda |
||
| 041 | 0 | _aspa | |
| 082 | 0 | 4 |
_2863.01 _aR666u _b23 |
| 088 | _aMM2962 | ||
| 245 | 0 | 0 |
_aCuentos de animales, alas y flores / _cselección Beatriz Helena Robledo ; ilustraciones Mónica Peña Herrera. |
| 250 | _aPrimera edición. | ||
| 264 | 1 |
_aBogotá, Colombia : _bMinisterio de las Culturas, las Artes y los Saberes, _c2024. |
|
| 300 |
_a1 libro digital (52 páginas) : _bilustraciones a color. |
||
| 336 |
_2texto _atxt _brdacontent |
||
| 337 |
_2computador _ac _brdamedia |
||
| 338 |
_2recurso en línea _acr _brdacarrier |
||
| 347 |
_aArchivo de texto _bEPUB |
||
| 490 | 0 | _aNarrativa | |
| 490 | 0 | _aLectores intermedios | |
| 490 | 0 |
_aLeer es mi cuento ; _v60 |
|
| 500 | _aRegistro de la Biblioteca Digital en español MakeMake. | ||
| 520 | 3 | _aAn abusive weasel, a mischievous rabbit, seven crows pretending to be enchanted princes, a boy looking for a frog to carry in his pocket and be happy, are some of the characters in these stories created by Colombian authors who believe in the power of words to nurture the imagination of young readers. In these stories, animals, flowers and humans have a place in the world and those who welcome them in a natural and loving way are children. Readers will find the countryside and nature expressed at its best. | |
| 521 | _aRecomendado para niños a partir de los 7 años de edad. | ||
| 650 | 1 | 7 |
_aPlants and trees _vTales _2ARMARC _969158 |
| 650 | 1 | 7 |
_aOral tradition _zColombia _vTales _2ARMARC _969159 |
| 650 | 1 | 7 |
_aNature _vTales _2ARMARC _969160 |
| 700 | 1 |
_aRobledo, Beatriz Helena, _eselección. _914862 |
|
| 700 | 1 |
_aPeña Herrera, Mónica, _eilustradora. _969161 |
|
| 856 | 4 | 0 |
_3Mákina Editorial _uhttps://makemake.com.co/fichas/MM2962/cuentos-de-animales-alas-y-flores |
| 856 | 4 | 0 |
_3Portada _uhttps://makemake.com.co/fichas/MM2962/art/portadaThumb.jpg |
| 942 |
_2ddc _cBK |
||
| 999 |
_c60576 _d60576 |
||